[Event "10. ArberSchach Festival Open 2023"]
[Site "Bodenmais"]
[Date "2023.08.06"]
[Round "2.13"]
[White "Kuppinger, Bernd"]
[Black "Hamlack, Heinz"]
[Result "0-1"]
[WhiteElo "1759"]
[BlackElo "2002"]
[PlyCount "120"]
[EventDate "2023.??.??"]
[WhiteTeam "SC Waldbronn"]
[BlackTeam "SK Bad Neustadt"]

{[%evp 0,120,24,25,25,9,9,-13,4,-13,8,-7,0,-22,3,2,26,0,21,29,44,23,18,38,22,12,26,8,35,11,18,-8,-15,-32,-13,-15,-2,16,23,31,55,-32,-26,-35,-36,-25,-33,-15,-22,-52,-58,-33,-43,-39,-33,-47,-34,-39,-22,-32,-29,-28,15,10,12,-22,-27,-31,-10,-8,-11,-25,-15,-16,-7,-21,-14,-30,-16,-32,-26,-35,-31,-26,-28,-32,-32,-59,-69,-43,-46,-98,-51,-55,-73,-61,-19,-128,-116,-275,-258,-344,-357,-434,-300,-489,-422,-603,-442,-509,-343,-436,-501,-509,-527,-527,-547,-547,-547,-975,-547,-547,-515]} 1. d4 Nf6 2. c4 e6 3. Nc3 Bb4 4. Qc2 O-O 5. a3 Bxc3+ 6. Qxc3 Ne4 7. Qc2 d5 8. Nf3 b6 9. Bf4 c5 10. e3 Bb7 11. Bd3 Nd7 12. O-O Rc8 13. Rac1 Ndf6 14. Qe2 Nh5 15. Bg3 Nhxg3 16. hxg3 Qe7 17. cxd5 exd5 18. dxc5 Nxc5 19. Rfd1 Ne4 20. Ba6 Rxc1 21. Rxc1 Nxg3 22. Qd3 Ne4 23. Bxb7 Qxb7 24. Nd4 Rc8 25. Rd1 g6 26. Nb5 a6 27. Nd4 b5 28. Ne2 Nf6 29. Qd4 Kg7 30. Nf4 Rc4 31. Qe5 Qc7 32. Qxf6+ Kxf6 33. Nxd5+ Ke6 34. Nxc7+ Rxc7 35. Rd2 Rc1+ 36. Kh2 a5 37. Kg3 f5 38. f4 Rf1 39. Rd8 Rb1 40. Rd2 Rc1 41. Kf2 h6 42. g3 g5 43. Kf3 g4+ 44. Kf2 h5 45. Kg2 Rc5 46. Kf2 b4 47. axb4 axb4 48. Ke1 b3 49. Kd1 Rc2 50. Rd8 Rxb2 51. Rh8 Rh2 52. Kc1 Kd5 53. Re8 Kc4 54. e4 fxe4 55. Rxe4+ Kd3 56. Re5 h4 57. gxh4 g3 58. Rg5 g2 59. Rg3+ Ke2 60. h5 Rh1+ 0-1

[Event "10. ArberSchach Festival Open 2023"]
[Site "Bodenmais"]
[Date "2023.08.06"]
[Round "2.15"]
[White "Wimmer, Alfred"]
[Black "Klimpel, Siegfried"]
[Result "1-0"]
[WhiteElo "1989"]
[BlackElo "1736"]
[PlyCount "119"]
[EventDate "2023.??.??"]
[WhiteTeam "SC Moosburg"]
[BlackTeam "TSV Kareth-Lappersdorf"]

{[%evp 0,119,24,25,29,20,20,10,59,44,49,21,41,43,46,52,50,38,43,38,58,51,62,59,65,6,54,0,50,0,10,-17,-1,-10,-10,-12,-30,-8,24,21,32,20,47,8,15,22,29,26,70,70,61,77,82,97,167,108,119,108,132,143,144,137,145,124,138,113,141,149,141,141,199,196,226,134,155,145,137,143,149,76,98,98,90,81,84,84,94,76,98,90,97,79,55,29,103,114,136,153,146,128,135,54,108,124,85,116,110,69,165,164,143,164,169,173,272,308,593,646,746,786,908,1005]} 1. d4 d5 2. Nf3 e6 3. e3 c6 4. Bd3 Nf6 5. Nbd2 Nbd7 6. O-O Bd6 7. e4 dxe4 8. Nxe4 Nxe4 9. Bxe4 h6 10. Re1 Nf6 11. Bd3 O-O 12. c4 b6 13. Rb1 a5 14. h3 Bb7 15. Be3 Qe7 16. Qb3 Bb4 17. Bd2 Bxd2 18. Nxd2 Qc7 19. c5 b5 20. Bc2 Qf4 21. Qe3 Qxe3 22. fxe3 Nd5 23. Rbd1 Rad8 24. Ne4 Nb4 25. Bb1 e5 26. Nd6 Ba8 27. Be4 Na6 28. Rc1 Nb8 29. a4 b4 30. Rcd1 Nd7 31. b3 Nf6 32. Bf3 exd4 33. exd4 Rd7 34. Nc4 Rfd8 35. Nxa5 Nd5 36. Bxd5 cxd5 37. c6 Ra7 38. Nb7 Bxb7 39. cxb7 Rxb7 40. Rc1 f6 41. Rc5 Kf7 42. Kf2 Rdd7 43. Re2 h5 44. h4 Kg6 45. Re6 Kf5 46. Re8 g5 47. hxg5 Kxg5 48. Kf3 Kf5 49. Ra8 Rbc7 50. Raa5 Ke6 51. Rab5 Rxc5 52. Rxc5 h4 53. Rb5 Rg7 54. Rxb4 Rg3+ 55. Kf2 Rc3 56. a5 Kf5 57. a6 Kf4 58. a7 Rc2+ 59. Ke1 Ke3 60. Kd1 1-0

[Event "10. ArberSchach Festival Open 2023"]
[Site "Bodenmais"]
[Date "2023.08.06"]
[Round "2.17"]
[White "Barnowski, Roman"]
[Black "Godoj, Veit"]
[Result "1/2-1/2"]
[WhiteElo "1596"]
[BlackElo "1962"]
[PlyCount "117"]
[EventDate "2023.??.??"]
[WhiteTeam "SW Nürnberg Süd"]
[BlackTeam "SK König Tegel"]

{[%evp 0,117,19,13,86,92,89,72,58,53,53,32,25,-2,17,-2,7,-2,5,-5,-14,-6,-4,-3,2,2,19,10,19,19,0,20,19,8,16,5,22,0,49,-16,-10,-16,-30,-28,-10,-46,-62,-40,-46,-36,-28,-28,-31,-34,31,-7,-8,-13,6,-9,-9,-15,-15,-45,-50,-53,-25,-42,-43,-43,-47,-61,-62,-69,-40,-57,-80,-85,-73,-67,-75,-92,-39,-78,-18,-17,-2,-8,-3,0,0,0,0,0,0,0,1,0,16,0,5,0,0,0,188,-49,-52,-46,98,105,105,105,105,105,1014,1012,1012,1012,1012,1012]} 1. e4 g6 2. Nc3 Bg7 3. Bc4 e6 4. Nf3 Ne7 5. d3 d5 6. exd5 exd5 7. Bb3 h6 8. h3 O-O 9. Ne2 Nd7 10. d4 Nf6 11. c3 Re8 12. O-O Ne4 13. Ng3 Nxg3 14. fxg3 Nf5 15. g4 Ng3 16. Re1 Ne4 17. Be3 Be6 18. Bc2 b5 19. Bf2 Nxf2 20. Kxf2 Qd6 21. Qd2 Bd7 22. Re3 Rxe3 23. Qxe3 Re8 24. Qd2 a5 25. Re1 Rxe1 26. Qxe1 Qe6 27. Qd2 Qe7 28. Qf4 Be6 29. a3 b4 30. axb4 axb4 31. Qd2 bxc3 32. bxc3 Qd6 33. Bb3 Qa6 34. Bc2 Qa3 35. Ng1 c5 36. Ne2 Qa7 37. Bb3 Qb6 38. Bc2 cxd4 39. Nxd4 Bd7 40. Kf3 Qb2 41. Ke2 Bxd4 42. cxd4 Bb5+ 43. Bd3 Bxd3+ 44. Kxd3 Qb5+ 45. Ke3 Kg7 46. Kf3 Qb3+ 47. Qe3 Qb7 48. Qe5+ Kh7 49. Kg3 Qd7 50. Kh2 Qe6 51. Kg3 Kg8 52. Kf3 Qxe5 53. dxe5 Kf8 54. Ke3 Ke7 55. Kd4 Ke6 56. h4 f6 57. exf6 Kxf6 58. Kxd5 h5 59. Ke4 1/2-1/2

[Event "10. ArberSchach Festival Open 2023"]
[Site "Bodenmais"]
[Date "2023.08.06"]
[Round "2.20"]
[White "Braun, Hans"]
[Black "Herbold, Manfred"]
[Result "1/2-1/2"]
[WhiteElo "1761"]
[BlackElo "2113"]
[PlyCount "80"]
[EventDate "2023.??.??"]
[WhiteTeam "SG Ludwigsburg"]
[BlackTeam "TSG Eisenberg Schach"]

{[%evp 0,80,19,25,36,27,29,21,28,-5,19,19,27,9,29,10,31,6,27,7,15,-15,-6,-18,-16,-23,-32,-44,-38,-32,-25,-41,-62,-48,-58,-58,-44,-54,-47,-48,-46,-44,-59,-59,-26,-26,-33,-45,7,-29,7,7,13,6,-7,4,65,-59,-36,-41,-51,-96,-77,-30,-24,-8,24,28,28,0,0,0,0,0,0,0,9,0,0,0,22,0,0]} 1. d4 e6 2. Nf3 Nf6 3. Bg5 h6 4. Bh4 g5 5. Bg3 d6 6. h3 Nbd7 7. e3 Bg7 8. Nbd2 Qe7 9. Bb5 a6 10. Ba4 b5 11. Bb3 Bb7 12. c3 O-O 13. O-O e5 14. dxe5 dxe5 15. Qe2 c5 16. e4 c4 17. Bc2 Nh5 18. Bh2 Nf4 19. Bxf4 gxf4 20. g3 Qf6 21. Nh4 Nc5 22. Rad1 Rad8 23. Ndf3 Ne6 24. Kh2 Kh8 25. Nf5 Rg8 26. Rxd8 Rxd8 27. Rd1 Bf8 28. Kg2 Rxd1 29. Qxd1 Ng5 30. Qe2 fxg3 31. fxg3 Bc5 32. h4 Ne6 33. Qd2 Kh7 34. Qd7 Bc6 35. Qc8 Ng7 36. Nxg7 Kxg7 37. Qg4+ Kh8 38. Qc8+ Kg7 39. Qg4+ Kh8 40. Qc8+ Kg7 1/2-1/2

[Event "10. ArberSchach Festival Open 2023"]
[Site "Bodenmais"]
[Date "2023.08.06"]
[Round "2.22"]
[White "Nahlik, Bernhard"]
[Black "Hein, Ralf"]
[Result "1-0"]
[WhiteElo "1797"]
[BlackElo "2020"]
[PlyCount "99"]
[EventDate "2023.??.??"]
[WhiteTeam "SC Ansbach"]
[BlackTeam "SC Diogenes"]

{[%evp 0,99,19,15,27,5,16,-31,-43,-32,-32,-31,-34,-8,8,-3,-8,-22,11,-19,-13,-13,-13,9,24,31,38,44,65,33,49,38,80,84,149,113,106,108,137,162,151,175,144,169,168,128,171,140,172,145,150,176,261,169,197,125,140,113,236,96,145,152,364,214,222,238,210,151,202,63,86,85,77,77,102,108,132,123,160,135,140,138,151,166,170,189,237,242,242,232,299,243,288,298,358,364,454,460,492,496,521,516]} 1. Nf3 d5 2. c4 d4 3. g3 Nc6 4. Bg2 e5 5. d3 Be7 6. O-O g5 7. e3 g4 8. Ne1 h5 9. exd4 Nxd4 10. Nc3 c6 11. Nc2 h4 12. Nxd4 exd4 13. Ne2 Nf6 14. a3 Nh5 15. b4 hxg3 16. fxg3 Bg5 17. Nf4 Nxf4 18. Bxf4 Be6 19. b5 Bxf4 20. Rxf4 Rc8 21. bxc6 bxc6 22. Qa4 Qd7 23. c5 Rh5 24. Rxd4 Qc7 25. Re1 Kf8 26. Rf4 Re5 27. Rff1 Rxe1 28. Rxe1 Qd7 29. Be4 Qe7 30. Qd4 Kg8 31. Qe5 Qd8 32. Rf1 Qf8 33. Rb1 Qh6 34. Qf4 Qxf4 35. gxf4 f5 36. Bg2 Rc7 37. Kf2 Kf8 38. h3 Rd7 39. Ke3 gxh3 40. Bxh3 Ke7 41. Bg2 Rc7 42. Rh1 Rc8 43. Rh7+ Bf7 44. Bf3 Kf8 45. Rh6 Re8+ 46. Kd4 Be6 47. Bxc6 Rd8+ 48. Ke5 Bg8 49. d4 Kg7 50. Rd6 1-0

[Event "10. ArberSchach Festival Open 2023"]
[Site "Bodenmais"]
[Date "2023.08.07"]
[Round "3.1"]
[White "Pirrot, Dieter"]
[Black "Wimmer, Alfred"]
[Result "1-0"]
[WhiteElo "2302"]
[BlackElo "1989"]
[PlyCount "79"]
[EventDate "2023.??.??"]
[WhiteTeam "SV Hofheim"]
[BlackTeam "SC Moosburg"]

{[%evp 0,79,32,34,64,80,68,73,85,48,59,4,15,16,13,16,18,30,49,44,85,90,90,91,117,123,127,117,135,140,121,121,142,129,142,148,144,144,147,146,151,147,148,148,148,151,156,146,151,154,161,161,176,167,156,134,142,130,140,140,139,100,113,119,123,131,145,145,157,162,167,125,163,156,211,193,295,300,299,299,376,410]} 1. e4 d6 2. d4 Nf6 3. Nc3 e5 4. Nf3 Nbd7 5. g4 h6 6. Rg1 c6 7. Be3 b5 8. a3 Bb7 9. h4 g6 10. g5 hxg5 11. hxg5 Ng8 12. dxe5 dxe5 13. Qd2 Qc7 14. O-O-O a6 15. Rg3 Rh1 16. Rh3 Rxh3 17. Bxh3 Rd8 18. Bxd7+ Rxd7 19. Qxd7+ Qxd7 20. Rxd7 Kxd7 21. Nxe5+ Ke6 22. Nd3 f6 23. f4 fxg5 24. fxg5 Bc8 25. Ne2 Bd6 26. Nef4+ Kf7 27. b4 Bc7 28. Ne2 Ne7 29. Bf4 Bb6 30. Nc5 a5 31. Nd4 axb4 32. axb4 Bxc5 33. bxc5 Bd7 34. c3 Ke8 35. Kb2 Kd8 36. Ka3 Kc8 37. Bd6 Ng8 38. Kb4 Kb7 39. Ka5 Ka7 40. e5 1-0

[Event "10. ArberSchach Festival Open 2023"]
[Site "Bodenmais"]
[Date "2023.08.07"]
[Round "3.2"]
[White "Hamlack, Heinz"]
[Black "Sandner, Gunter"]
[Result "0-1"]
[WhiteElo "2002"]
[BlackElo "2238"]
[PlyCount "78"]
[EventDate "2023.??.??"]
[WhiteTeam "SK Bad Neustadt"]
[BlackTeam "SK König Plauen"]

{[%evp 0,78,32,34,29,30,24,6,29,36,35,23,27,11,11,4,0,5,0,-2,-9,-20,-17,-26,-23,-22,-10,-10,-9,-18,-18,-22,-27,-28,-9,-8,-7,-4,-7,-13,-11,-14,-5,-2,-3,2,0,-14,-3,-14,19,2,16,0,10,0,0,9,9,-161,-119,-164,-141,-157,-184,-223,-223,-220,-244,-216,-227,-242,-187,-210,-210,-349,-359,-386,-377,-383,-364]} 1. d4 Nf6 2. Nf3 e6 3. c4 b6 4. Nc3 Bb4 5. Bg5 h6 6. Bxf6 Bxc3+ 7. bxc3 Qxf6 8. e3 Bb7 9. Be2 d6 10. Qc2 Nd7 11. Rd1 O-O 12. O-O Rfe8 13. Nd2 e5 14. Bf3 Bxf3 15. Nxf3 Qe6 16. Qa4 e4 17. Nd2 Nf6 18. Qc6 Rac8 19. Rde1 Qf5 20. Qa4 a5 21. Rb1 Nh7 22. Rb5 Qg4 23. Qd1 Qd7 24. Qh5 Re6 25. Qf5 Qe8 26. h4 Rd8 27. a4 Qe7 28. Qf4 Re8 29. f3 exf3 30. Rxf3 Rxe3 31. c5 Re1+ 32. Kh2 dxc5 33. dxc5 Nf6 34. cxb6 cxb6 35. Rf5 Qe6 36. Rg3 Ne4 37. Nxe4 Rxe4 38. Qf2 Rxh4+ 39. Kg1 Rxa4 0-1

[Event "10. ArberSchach Festival Open 2023"]
[Site "Bodenmais"]
[Date "2023.08.07"]
[Round "3.4"]
[White "Fuchs, Michael"]
[Black "Schatz, Christian"]
[Result "1/2-1/2"]
[WhiteElo "1988"]
[BlackElo "2153"]
[PlyCount "21"]
[EventDate "2023.??.??"]
[WhiteTeam "DJK SF Haselbach"]
[BlackTeam "SC Postbauer-Heng"]

{[%evp 0,21,24,13,52,50,48,48,74,28,29,4,-21,-15,-5,-6,6,0,16,17,33,24,7,5]} 1. e4 c5 2. Nc3 Nc6 3. Bb5 g6 4. Bxc6 dxc6 5. f4 Bg7 6. d3 Nf6 7. Nf3 O-O 8. O-O b6 9. Qe1 Ne8 10. h3 Nc7 11. f5 1/2-1/2

[Event "10. ArberSchach Festival Open 2023"]
[Site "Bodenmais"]
[Date "2023.08.07"]
[Round "3.5"]
[White "Skibbe, Diana"]
[Black "Zenker, Ulrich"]
[Result "1/2-1/2"]
[WhiteElo "1938"]
[BlackElo "2156"]
[PlyCount "35"]
[EventDate "2023.??.??"]
[WhiteTeam "SC Zeulenroda"]
[BlackTeam "SU Ebersberg-Grafing"]

{[%evp 0,35,24,25,47,38,28,31,57,42,46,53,39,57,41,43,43,42,42,-15,-8,-26,-13,-19,-19,-15,-17,-20,-11,-24,-34,-34,-10,-19,-20,-27,-7,-5]} 1. e4 e6 2. d4 d5 3. Nc3 dxe4 4. Nxe4 Nd7 5. Nf3 Ngf6 6. Nxf6+ Nxf6 7. Bd3 c5 8. O-O cxd4 9. Bb5+ Bd7 10. Bxd7+ Qxd7 11. Qxd4 Qxd4 12. Nxd4 Rc8 13. c3 Nd5 14. Bd2 Bc5 15. Nf3 Bd6 16. Rad1 O-O 17. Rfe1 h6 18. Be3 1/2-1/2

[Event "10. ArberSchach Festival Open 2023"]
[Site "Bodenmais"]
[Date "2023.08.07"]
[Round "3.7"]
[White "Rieling, Thomas"]
[Black "Nagy, Laszlo"]
[Result "1-0"]
[WhiteElo "2085"]
[BlackElo "1894"]
[PlyCount "49"]
[EventDate "2023.??.??"]
[WhiteTeam "SC Diogenes"]
[BlackTeam "SG Vogtareuth-Prutting"]

{[%evp 0,49,25,5,48,48,48,5,18,8,8,15,16,10,12,8,16,7,36,1,0,-15,-20,-33,16,18,18,38,72,69,104,86,86,110,82,105,97,97,96,67,72,59,493,458,730,513,980,1408,1776,1502,29985,29986]} 1. e4 c5 2. Nc3 Nc6 3. g3 g6 4. Bg2 Bg7 5. d3 d6 6. f4 e6 7. Nf3 Nge7 8. O-O b6 9. Be3 Bb7 10. Qd2 d5 11. exd5 Nxd5 12. Nxd5 exd5 13. d4 c4 14. f5 O-O 15. Bh6 f6 16. fxg6 hxg6 17. Nh4 Kh7 18. Bxg7 Kxg7 19. Qf4 Qd7 20. Rae1 Ne7 21. Bh3 f5 22. Qe5+ Kf7 23. Nxf5 gxf5 24. Bxf5 Nxf5 25. Rxf5+ 1-0

[Event "10. ArberSchach Festival Open 2023"]
[Site "Bodenmais"]
[Date "2023.08.07"]
[Round "3.8"]
[White "Schunk, Thomas"]
[Black "Kalkmann, Hans"]
[Result "1-0"]
[WhiteElo "2152"]
[BlackElo "1848"]
[PlyCount "113"]
[EventDate "2023.??.??"]
[WhiteTeam "SG Leipzig"]
[BlackTeam "SC Springer St.Tönis"]

{[%evp 0,113,24,-5,14,19,15,-6,-17,-5,-7,-7,19,26,29,-2,-9,-4,-4,-6,8,8,8,4,4,0,45,27,44,37,69,8,40,28,46,47,47,46,57,33,51,50,65,29,24,36,38,25,63,52,44,44,40,62,58,63,66,72,85,67,79,35,64,35,54,61,41,31,54,59,69,68,102,113,102,60,82,51,50,36,56,13,38,12,25,18,21,18,7,19,19,0,54,-58,54,41,54,-31,36,155,214,206,206,206,298,322,351,369,368,393,378,427,455,306,385,414]} 1. c4 c5 2. Nf3 Nc6 3. d4 cxd4 4. Nxd4 Nf6 5. Nc3 g6 6. e4 Bg7 7. Nc2 O-O 8. Be2 d6 9. O-O b6 10. Be3 Bb7 11. f3 Rc8 12. Qd2 Qc7 13. Rac1 Rfd8 14. b3 Ba8 15. f4 e6 16. Bf3 Qe7 17. Rfd1 Ne8 18. Nb5 Rd7 19. Qf2 Rcd8 20. Rd3 Nc7 21. Rcd1 Nxb5 22. cxb5 Na5 23. Qd2 Nb7 24. b4 Rc8 25. e5 d5 26. Nd4 Nd8 27. Bf2 Rc4 28. a3 Rdc7 29. Qe1 Rc8 30. g4 Qc7 31. h4 Rc1 32. Kg2 Rxd1 33. Qxd1 Qc1 34. Qxc1 Rxc1 35. h5 Kf8 36. Bh4 Ke8 37. Kf2 Bf8 38. Ne2 Rc2 39. Ke1 Be7 40. Bf6 Bb7 41. Kd1 Rc4 42. Kd2 a6 43. Bxe7 Kxe7 44. bxa6 Bxa6 45. Rc3 Nc6 46. h6 Kd7 47. Rxc4 Bxc4 48. Ng1 b5 49. Nh3 Nd4 50. Bd1 Ke7 51. Ng5 f6 52. exf6+ Kxf6 53. Nxh7+ Kf7 54. Ng5+ Kf8 55. Ke3 Nc6 56. Nf3 Nd8 57. g5 1-0

[Event "10. ArberSchach Festival Open 2023"]
[Site "Bodenmais"]
[Date "2023.08.07"]
[Round "3.9"]
[White "Wild, Helmut"]
[Black "Rabus, Berthold"]
[Result "0-1"]
[WhiteElo "1895"]
[BlackElo "2131"]
[PlyCount "40"]
[EventDate "2023.??.??"]
[WhiteTeam "SK Gau-Algesheim"]
[BlackTeam "SC Grunbach"]

{[%evp 0,40,24,-20,30,-1,20,43,46,4,18,12,37,37,21,-25,-8,-11,13,16,-15,-12,-40,-29,-44,-48,-56,-95,-63,-93,-93,-153,-153,-155,-172,-327,-355,-355,-354,-598,-597,-1218,-1230]} 1. c4 c6 2. e4 d5 3. exd5 cxd5 4. d4 Nf6 5. Nc3 Nc6 6. Nf3 Bg4 7. c5 Bxf3 8. gxf3 g6 9. b4 a6 10. b5 axb5 11. Bxb5 Bg7 12. O-O O-O 13. Be3 Ne8 14. a4 Nc7 15. Qd3 e5 16. Ne2 Ne6 17. Rac1 exd4 18. Bxc6 bxc6 19. Nxd4 Bxd4 20. Bxd4 Nf4 0-1

[Event "10. ArberSchach Festival Open 2023"]
[Site "Bodenmais"]
[Date "2023.08.07"]
[Round "3.11"]
[White "Reuter, Roland"]
[Black "Stupperich, Reiner"]
[Result "1/2-1/2"]
[WhiteElo "1847"]
[BlackElo "2037"]
[PlyCount "85"]
[EventDate "2023.??.??"]
[WhiteTeam "SK Schwabach"]
[BlackTeam "SF Lennestadt"]

{[%evp 0,85,24,5,48,48,48,32,22,18,83,63,66,51,40,40,34,18,6,3,-10,-10,34,-26,-19,-13,-15,-22,35,11,42,38,52,47,162,150,151,157,167,167,140,165,183,187,184,162,182,149,201,166,213,220,231,245,323,247,282,257,274,247,281,241,249,232,277,245,236,213,247,260,268,271,301,240,245,257,255,248,248,227,215,259,311,312,304,304,364,308]} 1. e4 c5 2. Nf3 Nc6 3. d4 cxd4 4. Nxd4 g6 5. Be3 Bg7 6. Be2 Nf6 7. Nc3 O-O 8. Qd2 d5 9. Nxc6 bxc6 10. Rd1 Qa5 11. O-O dxe4 12. Bc4 Qc7 13. Bf4 e5 14. Bg5 Bf5 15. Qd6 Ne8 16. Qc5 Nf6 17. Bxf6 Bxf6 18. Nd5 Qd8 19. Qxc6 Bg5 20. Nc7 Rc8 21. Rxd8 Bxd8 22. Bb3 Rxc7 23. Qb5 Re7 24. h3 h5 25. c4 Bc7 26. Rd1 g5 27. c5 g4 28. Qc6 Kg7 29. Bc2 Rc8 30. Qa4 gxh3 31. gxh3 Rg8 32. Bxe4 Bxh3 33. Kh2 Be6 34. Rg1+ Kf8 35. Rxg8+ Kxg8 36. Qd1 f5 37. Bd5 Bxd5 38. Qxd5+ Kg7 39. b4 e4+ 40. Kh3 f4 41. Qg5+ Kf8 42. Qh6+ Kg8 43. Qg6+ 1/2-1/2

[Event "10. ArberSchach Festival Open 2023"]
[Site "Bodenmais"]
[Date "2023.08.07"]
[Round "3.13"]
[White "König, Dirk"]
[Black "Scheuerer, Werner"]
[Result "1-0"]
[WhiteElo "1995"]
[BlackElo "1750"]
[PlyCount "70"]
[EventDate "2023.??.??"]
[WhiteTeam "SC Grunbach"]
[BlackTeam "SC Garching"]

{[%evp 0,70,24,-20,25,4,3,14,12,-14,-28,-9,13,-2,28,5,40,46,54,33,42,48,57,72,61,60,61,57,85,79,86,74,168,106,451,427,1103,310,1124,57,69,70,46,75,86,79,90,84,87,88,88,88,84,81,151,142,147,146,403,286,482,428,460,472,466,469,463,505,478,365,638,654,652]} 1. c4 d6 2. g3 g6 3. Bg2 Bg7 4. e3 Nf6 5. Ne2 c6 6. O-O O-O 7. d4 Be6 8. b3 Qc8 9. Re1 d5 10. Nd2 Na6 11. Ba3 Re8 12. Rc1 Nc7 13. Nf4 Qd7 14. Nf3 Bg4 15. Nd3 Ne4 16. Nfe5 Qf5 17. Nxg4 Qxg4 18. cxd5 Nxd5 19. Ne5 Qxd1 20. Rexd1 Nec3 21. Rd2 Nb5 22. Bb2 e6 23. e4 Bh6 24. exd5 Bxd2 25. Rc2 Bh6 26. dxc6 Rac8 27. Rc5 bxc6 28. Bxc6 Bf8 29. Rxb5 f6 30. Bxe8 fxe5 31. Bd7 Rc2 32. Bxe6+ Kg7 33. Rb7+ Kh6 34. Rf7 Bd6 35. dxe5 Bc5 1-0

[Event "10. ArberSchach Festival Open 2023"]
[Site "Bodenmais"]
[Date "2023.08.07"]
[Round "3.17"]
[White "Herbold, Manfred"]
[Black "Klein, Reinhard"]
[Result "1-0"]
[WhiteElo "2113"]
[BlackElo "1809"]
[PlyCount "61"]
[EventDate "2023.??.??"]
[WhiteTeam "TSG Eisenberg Schach"]
[BlackTeam "Münchener SC"]

{[%evp 0,61,21,33,81,65,72,64,101,88,62,71,71,53,130,46,227,226,283,285,281,246,249,258,250,306,263,236,342,292,335,310,317,252,247,245,239,217,229,240,234,167,167,153,147,123,144,83,98,94,139,150,190,212,262,292,341,322,317,302,350,360,360,372]} 1. e4 d6 2. d4 Nf6 3. Nc3 g6 4. Bg5 Bg7 5. e5 dxe5 6. dxe5 Qxd1+ 7. Rxd1 Ng4 8. h3 Nxf2 9. Kxf2 Bxe5 10. Nf3 Bxc3 11. bxc3 f6 12. Bh6 Kf7 13. Bc4+ e6 14. h4 Re8 15. Bf4 c6 16. a4 Nd7 17. a5 b5 18. Ba2 c5 19. c4 b4 20. Bd6 Bb7 21. Nd2 Rac8 22. Nb3 e5 23. Rd2 Ke6 24. Rhd1 h5 25. a6 Ba8 26. Na5 Nb6 27. Bb3 Kf5 28. Nb7 e4 29. Bxc5 Rxc5 30. Nd6+ Kg4 31. Nxe8 1-0

[Event "10. ArberSchach Festival Open 2023"]
[Site "Bodenmais"]
[Date "2023.08.07"]
[Round "3.18"]
[White "Botvinnik, Alexey"]
[Black "Laqua, Christian"]
[Result "1/2-1/2"]
[WhiteElo "1806"]
[BlackElo "2082"]
[PlyCount "59"]
[EventDate "2023.??.??"]
[WhiteTeam "Brühler SK"]
[BlackTeam "SC Diogenes"]

{[%evp 0,59,24,41,92,89,81,27,45,26,18,24,14,20,7,31,48,48,48,48,47,54,57,62,30,7,56,58,59,64,62,62,62,42,58,23,-14,0,-11,14,19,24,-10,-4,-4,17,56,-13,62,91,84,72,71,67,101,0,0,-30,-2,0,10,-31]} 1. e4 Nf6 2. e5 Nd5 3. d4 d6 4. c4 Nb6 5. f4 dxe5 6. fxe5 Nc6 7. Be3 Bf5 8. Nc3 e6 9. Nf3 Bb4 10. Be2 O-O 11. O-O Na5 12. c5 Bxc3 13. bxc3 Nbc4 14. Bg5 Qd5 15. Nd2 Nxd2 16. Bxd2 Be4 17. Bf3 Nc4 18. Qe2 Nxd2 19. Qxd2 b6 20. c4 Qc6 21. Bxe4 Qxe4 22. Rf4 Qg6 23. Raf1 f5 24. exf6 Rxf6 25. Rxf6 gxf6 26. Qf4 bxc5 27. Qxc7 cxd4 28. Rf3 Qb1+ 29. Rf1 Qg6 30. Rf3 1/2-1/2

[Event "10. ArberSchach Festival Open 2023"]
[Site "Bodenmais"]
[Date "2023.08.07"]
[Round "3.19"]
[White "Nebe, Hartmut"]
[Black "Paus, Franz"]
[Result "0-1"]
[WhiteElo "1766"]
[BlackElo "1994"]
[PlyCount "56"]
[EventDate "2023.??.??"]
[WhiteTeam "SK Ettlingen"]
[BlackTeam "Schachfüchse Kempen"]

{[%evp 0,56,41,42,68,73,59,59,78,71,64,50,49,34,35,13,23,13,44,4,36,44,24,53,96,81,73,102,101,9,73,26,-49,13,23,-115,-91,-162,-159,-247,-227,-217,-203,-225,-242,-222,-237,-369,-358,-353,-341,-336,-335,-397,-473,-485,-512,-29997,-29998]} 1. e4 d6 2. d4 Nf6 3. Nc3 g6 4. Be3 Bg7 5. f3 Nbd7 6. Qd2 c6 7. Bc4 Qc7 8. Bb3 O-O 9. h4 a5 10. a4 Rb8 11. g4 h5 12. Bh6 Kh7 13. Bxg7 Kxg7 14. Nh3 e5 15. Ng5 exd4 16. Ne2 c5 17. Bxf7 Ne5 18. Be6 Nxf3+ 19. Nxf3 Bxe6 20. gxh5 Nxe4 21. Qd3 Bf5 22. Rg1 Ng3 23. Nfxd4 Bxd3 24. Ne6+ Kh6 25. Nxc7 Nxe2 26. Rg5 Nd4 27. O-O-O Bxc2 28. Rd2 Rf1+ 0-1

[Event "10. ArberSchach Festival Open 2023"]
[Site "Bodenmais"]
[Date "2023.08.07"]
[Round "3.24"]
[White "Drews, Rüdiger"]
[Black "Malditz, Dieter"]
[Result "1-0"]
[WhiteElo "1894"]
[BlackElo "1765"]
[PlyCount "69"]
[EventDate "2023.??.??"]
[WhiteTeam "Mosbacher SC"]
[BlackTeam "SK Ludwigshafen"]

{[%evp 0,69,41,24,30,6,6,-14,-3,-7,-11,0,13,39,29,45,41,21,52,42,69,52,50,31,43,26,21,-21,-28,-15,-12,-14,76,88,129,43,42,26,76,-3,24,38,48,39,39,26,46,57,45,43,80,100,97,104,114,132,123,127,159,238,241,224,252,255,265,265,323,324,328,288,298,285]} 1. d4 Nf6 2. c4 e6 3. Nc3 d5 4. cxd5 exd5 5. Bg5 Be7 6. e3 c6 7. Bd3 O-O 8. Qc2 g6 9. Nf3 Nbd7 10. h3 Re8 11. O-O-O Nf8 12. Ne5 Ne6 13. Bxf6 Bxf6 14. f4 Ng7 15. g4 c5 16. Bb5 Re7 17. g5 Bxe5 18. dxe5 Be6 19. Ne4 Qa5 20. Nf6+ Kh8 21. Qa4 Qxa4 22. Bxa4 Rd8 23. Bc2 d4 24. Kb1 Nf5 25. Bxf5 Bxf5+ 26. e4 Bc8 27. h4 Kg7 28. h5 Rh8 29. h6+ Kf8 30. Rc1 Rc7 31. Rhd1 Rc6 32. b4 b6 33. Rxd4 Ke7 34. bxc5 bxc5 35. Rdc4 1-0

[Event "10. ArberSchach Festival Open 2023"]
[Site "Bodenmais"]
[Date "2023.08.07"]
[Round "3.25"]
[White "Pekrul, Jürgen"]
[Black "Braun, Hans"]
[Result "1/2-1/2"]
[WhiteElo "1891"]
[BlackElo "1761"]
[PlyCount "53"]
[EventDate "2023.??.??"]
[WhiteTeam "VfL Gera"]
[BlackTeam "SG Ludwigsburg"]

{[%evp 0,53,38,24,24,24,20,2,15,16,15,9,9,0,29,20,20,11,37,30,68,39,88,93,110,76,98,63,99,114,116,106,101,88,108,116,121,121,127,133,109,116,109,39,34,16,13,-14,-26,-27,-12,-6,-14,-337,-13,-10]} 1. Nf3 d5 2. d4 Nf6 3. g3 e6 4. Bg2 Be7 5. O-O O-O 6. c4 c6 7. b3 Nbd7 8. Nbd2 Re8 9. Qc2 h6 10. Bb2 Nf8 11. e4 Bd7 12. Ne5 Rc8 13. Qd3 Qa5 14. a3 Red8 15. Rfc1 Be8 16. Qe3 Qc7 17. exd5 exd5 18. Bh3 Rb8 19. c5 N6h7 20. Re1 Bf6 21. Ng4 Bd7 22. Nxf6+ Nxf6 23. Bxd7 Qxd7 24. Nf3 Qf5 25. Ne5 Re8 26. Qf3 Qxf3 27. Nxf3 1/2-1/2